000 00371nam a22001217a 4500
999 _c13506
_d13506
082 _a297.09
_bس ع ی
100 _a مولانا سعید انصاری
245 _aسیراصحا بیا ت
260 _aاسلام آباد
_b نیشنل بک فاؤنڈیشن
_c١٩٩٠
300 _a١٣٩ ص
650 _aIslam- Women, Biography, Seerus sahabyat
942 _cBK